Central Library OPAC University of Rajshahi

বাংলাদেশের কবিতার নন্দনতত্ত্ব / (Record no. 2950)

MARC details
000 -LEADER
fixed length control field 00786nam a2200217 a 4500
001 - CONTROL NUMBER
control field 2950
003 - CONTROL NUMBER IDENTIFIER
rucl marc code BD-RjUL
005 - DATE AND TIME OF LATEST TRANSACTION
control field 20211208233640.0
008 - FIXED-LENGTH DATA ELEMENTS--GENERAL INFORMATION
fixed length control field 131217s2008 ben b 001 0 ben
035 ## - SYSTEM CONTROL NUMBER
System control number (BD-RjUL)2978
040 ## - CATALOGING SOURCE
Original cataloging agency BD-RjUL
Modifying agency BD-RjUL
Language of cataloging ben
Transcribing agency BD-RjUL
041 ## - LANGUAGE CODE
Language code of text/sound track or separate title ben
082 ## - DEWEY DECIMAL CLASSIFICATION NUMBER
Classification number 891.44109
Author mark and year HOB 2008
Edition number 23
100 1# - MAIN ENTRY--PERSONAL NAME
Personal name হক, মাসুদুল
9 (RLIN) 9420
245 10 - TITLE STATEMENT
Title বাংলাদেশের কবিতার নন্দনতত্ত্ব /
Statement of responsibility, etc. মাসুদুল হক
260 ## - PUBLICATION, DISTRIBUTION, ETC. (IMPRINT)
Place of publication, distribution, etc. ঢাকা :
Name of publisher, distributor, etc. বাংলা একাডেমী,
Date of publication, distribution, etc. ২০০৮
300 ## - PHYSICAL DESCRIPTION
Pagination [১৩], ৩১৮ পৃ. ;
Size ২১ সেমি.
504 ## - BIBLIOGRAPHY, ETC. NOTE
Bibliography, etc Includes Bibliographical reference.
650 #0 - SUBJECT ADDED ENTRY--TOPICAL TERM
Topical term or geographic name as entry element Bengali poetry
9 (RLIN) 9421
General subdivision History and criticism
942 ## - ADDED ENTRY ELEMENTS (KOHA)
Source of classification or shelving scheme Dewey Decimal Classification
Koha item type Books
Holdings
Lost status Source of classification or shelving scheme Damaged status Not for loan Permanent Location Current Location Shelving location Date acquired Source of acquisition Cost, normal purchase price Total Checkouts Total Renewals Full call number Date last seen Date checked out Copy number Koha item type Collection code
  Dewey Decimal Classification     Central Library, University of Rajshahi Central Library, University of Rajshahi   20/07/2025 Bangla Academy, Dhaka 160.00 12   B 891.44109 HOB 2008 15/12/2021 15/12/2021 C-3 Books  
  Dewey Decimal Classification     Central Library, University of Rajshahi Central Library, University of Rajshahi   25/07/2012 Bangla Academy, Dhaka 160.00 3   B 891.44109 HOB 2008 03/03/2019 11/02/2019 C-2 Books Non-fiction